000 00395nam a2200169Ia 4500
008 231221s9999 xx 000 0 und d
020 _a8183187358
041 _aEnglish
082 _a371.2012 USM;1 R
100 _aUsmani, B D.
245 0 _aSchool management
250 _a1st ed.
260 _c2007
_bHimalaya
_aMumbai
300 _a317
650 _aSchool,management
942 _cED
999 _c210922
_d210922